00461nam a2200169Ia 4500008004100000020001600041050001600057050001400073245002400087245005400111260001700165260003100182260000900213300001600222300001100238650004200249160418s9999 xx 000 0 und d a971-23-1572 aFIL PL 6051 b.W55 1994 aWika at panitikan : baklat sa Filipino 2 sa kolehiyo at pamantasan /  aQuezon City: bRex Printing Company, Inc. c1994 a232 pages : c22 cm. aLiterature -- Philippines (Filipino).